| 000 | 01318nam a22004217a 4500 | ||
|---|---|---|---|
| 003 | OSt | ||
| 005 | 20260522075833.0 | ||
| 007 | ta | ||
| 008 | 260522s2024 ag ||||| |||| 00| 0 spa d | ||
| 020 | _a9789972047886 | ||
| 040 | _ccj catamarca | ||
| 082 | _a343.11 P438 | ||
| 100 | 1 | 0 |
_9332 _aPerez Lopez, Jorge |
| 245 | 1 | 0 | _aLa negociacion en el proceso penal |
| 250 | _a1º ed. | ||
| 260 |
_aLima: _bGrijley, _c2024 |
||
| 300 |
_a544 p. _c20 cm |
||
| 500 | _aINVENTARIO Nº 8177 | ||
| 650 | 7 | _2SAIJ | |
| 653 | _aDERECHO PENAL | ||
| 653 | _aMEDIACION PENAL | ||
| 653 | _aNEGOCIACION PENAL | ||
| 653 | _aACUERDOS PENALES | ||
| 653 | _aACUERDOS-NEGOCIACION | ||
| 653 | _aDERECHO DE DEFENSA | ||
| 653 | _aCRITERIOS DE OPORTUNIDAD-art. 2 CPP | ||
| 653 | _aPRINCIPIO-CRITERIOS DE OPORTUNIDAD | ||
| 653 | _aACUERDO REPARATORIO | ||
| 653 | _aTERMINACION ANTICIPADA-arts. 468 a 471 CPP | ||
| 653 | _aCONFESION | ||
| 653 | _aCOLABORACION-arts. 472 a 481 CPP | ||
| 653 | _aCONVENCION PROBATORIA-arts. 1563 y 3502 CPP | ||
| 653 | _aCONCLUSION ANTICIPADA-art. 372 CPP | ||
| 653 | _aDELITO EJERCICIO PRIVADO DE ACCION-arts. 459 a 467 CPP | ||
| 653 | _aFALTAS-arts. 482 a 487 CPP | ||
| 856 | _uhttps://drive.google.com/file/d/1gn4JBbbB2zU2I_op9vBLV-seu9OI_uCg/view?usp=sharing | ||
| 942 |
_2ddc _cBK _n0 |
||
| 999 |
_c6546 _d6546 |
||